[Event "8th RTU Open 2018"]
[Site "Riga"]
[Date "2018.08.09"]
[Round "5"]
[White "Chibukhchyan, Erik"]
[Black "Yankelevich, Lev"]
[Result "0-1"]
[WhiteElo "2214"]
[BlackElo "2420"]
[Annotator "NA"]
[PlyCount "152"]
[EventDate "2018.08.06"]
[EventType "swiss"]
[EventCountry "LAT"]
[SourceTitle "playchess.com"]
[Source "ChessBase"]
[SourceQuality "1"]
[TimeControl "5400+30"]

1. e4 {[%emt 0:00:00]} e5 {[%emt 0:00:00]} 2. Nf3 {[%emt 0:00:00]} Nc6 {[%emt 0:00:00]} 3. Bc4 {[%emt 0:00:00]} Nf6 {[%emt 0:00:00]} 4. d3 {[%emt 0:00:00]} Bc5 {[%emt 0:00:40]} 5. c3 {[%emt 0:00:03]} d6 {[%emt 0:00:17]} 6. b4 {[%emt 0:00:25]} Bb6 {[%emt 0:00:07]} 7. a4 {[%emt 0:00:19] LiveBook: 246 Games} a6 {[%emt 0:00:44]} 8. O-O {[%emt 0:00:17]} h6 {[%emt 0:00:16]} 9. a5 {[%emt 0:00:18] C54: Giuoco Piano: 4 c3 Nf6, main lines with 5 d4 and 5 d3} (9. Nbd2 O-O 10. Bb3 d5 11. Bb2 Be6 12. Re1 Re8 13. h3 d4 14. Bxe6 Rxe6 15. Nc4 dxc3 16. Bxc3 Bd4 17. Bxd4 Nxd4 18. Ncxe5 Nxf3+ 19. Nxf3 {1-0 (52) Yudin,S (2546)-Kasimdzhanov,R (2700) Dubai 2014}) 9... Ba7 {[%emt 0:00:04]} 10. h3 {[%emt 0:02:10]} O-O {[%emt 0:00:16]} 11. Nbd2 {[%emt 0:08:21]} Ne7 {[%emt 0:09:08]} 12. Bb3 {[%emt 0:00:58]} Ng6 {[%emt 0:00:38]} 13. Re1 $146 {[%emt 0:00:19]} ({Predecessor:} 13. Nc4 Re8 14. Be3 Be6 15. Bxa7 Rxa7 16. Re1 Ra8 17. Ba4 Bd7 {0-1 (31) Kovanova,B (2391)-Shen,Y (2425) St Petersburg 2012}) 13... Nh5 {[%emt 0:01:23]} 14. Nf1 {[%emt 0:07:41]} Nhf4 {[%emt 0:00:32]} 15. Be3 {[%emt 0:00:55]} Bd7 {[%emt 0:27:48]} 16. Bxa7 {[%emt 0:04:11]} Rxa7 {[%emt 0:00:03]} 17. d4 {[%emt 0:02:23]} exd4 {[%emt 0:07:51]} 18. Qxd4 {[%emt 0:02:12]} Ra8 {[%emt 0:00:28]} 19. Ne3 {[%emt 0:07:36]} Ne5 {[%emt 0:00:12]} 20. Nxe5 {[%emt 0:01:33]} dxe5 {[%emt 0:03:57]} 21. Qd1 {[%emt 0:00:17]} Bc6 {[%emt 0:08:07]} 22. Bd5 {[%emt 0:04:59]} Qf6 $11 {[%emt 0:00:59]} 23. Qg4 {[%emt 0:06:24]} Rad8 {[%emt 0:01:50]} 24. Bxc6 {[%emt 0:09:01]} Qxc6 {[%emt 0:00:06]} 25. Nf5 {[%emt 0:00:09]} Qf6 {[%emt 0:00:14]} 26. Rad1 {[%emt 0:01:59]} g6 {[%emt 0:10:59]} 27. Ne3 {[%emt 0:02:02]} Nd3 {[%emt 0:00:54]} 28. Rf1 {[%emt 0:00:21]} h5 {[%emt 0:01:00]} 29. Qe2 {[%emt 0:00:53]} Nf4 {[%emt 0:00:04]} 30. Qf3 {[%emt 0:00:21]} c6 {[%emt 0:00:37]} 31. Kh2 {[%emt 0:03:30]} Qe6 {[%emt 0:02:17]} 32. Rxd8 {[%emt 0:01:26]} Rxd8 {[%emt 0:00:04]} 33. Rd1 {[%emt 0:00:06]} Rxd1 {[%emt 0:00:50]} 34. Qxd1 {[%emt 0:00:36]} Qa2 {[%emt 0:00:08]} 35. Nc2 {[%emt 0:01:46]} Qc4 {[%emt 0:01:21]} 36. Qd8+ {[%emt 0:07:10]} Kg7 {[%emt 0:00:44]} 37. Qe7 {[%emt 0:01:32]} Qxe4 {[%emt 0:00:30]} 38. Ne3 {[%emt 0:00:07]} Ne2 {[%emt 0:00:41]} 39. g4 {[%emt 0:04:21]} hxg4 {[%emt 0:04:18]} 40. Nxg4 {[%emt 0:02:13]} Qf4+ {[%emt 0:00:06]} 41. Kg2 {[%emt 0:00:10]} Nxc3 {[%emt 0:00:06]} 42. Qxb7 {[%emt 0:00:26]} Qe4+ {[%emt 0:01:04]} 43. Kh2 {[%emt 0:00:26]} Qc4 {[%emt 0:08:17]} 44. Qc7 {[%emt 0:03:48]} Qf4+ {[%emt 0:00:15]} 45. Kg2 {[%emt 0:00:01]} Qe4+ {[%emt 0:00:33]} 46. Kh2 {[%emt 0:00:03]} Na2 {[%emt 0:00:36]} 47. Nxe5 {[%emt 0:03:15]} Qf4+ {[%emt 0:00:03]} 48. Kg2 {[%emt 0:00:02]} Nxb4 {[%emt 0:00:05]} 49. Qe7 {[%emt 0:01:37]} Nd5 {[%emt 0:00:24]} 50. Qe8 {[%emt 0:01:38]} Qg5+ {[%emt 0:00:26]} 51. Kf1 {[%emt 0:02:01]} Qf5 {[%emt 0:02:03]} 52. Ng4 {[%emt 0:03:32]} Qd3+ {[%emt 0:01:23]} 53. Kg1 {[%emt 0:01:39]} Qxh3 {[%emt 0:00:11]} 54. Ne5 {[%emt 0:00:09]} Qf5 {[%emt 0:04:51]} 55. Nxc6 {[%emt 0:00:43]} Qg4+ {[%emt 0:00:05]} 56. Kf1 {[%emt 0:02:49]} Nf6 {[%emt 0:02:09]} 57. Qe2 {[%emt 0:00:28]} Qh3+ {[%emt 0:01:25]} 58. Kg1 {[%emt 0:00:00]} Ng4 {[%emt 0:00:05]} 59. Qb2+ {[%emt 0:00:33]} Kh7 {[%emt 0:01:10]} 60. Qb6 {[%emt 0:00:01]} Qf3 {[%emt 0:02:28]} 61. Nb4 {[%emt 0:02:02]} Qh3 {[%emt 0:01:49]} 62. Qc7 {[%emt 0:01:12]} Qf3 {[%emt 0:00:22]} 63. Qb6 {[%emt 0:00:05]} Ne5 {[%emt 0:00:19]} 64. Nxa6 {[%emt 0:01:35]} Qh3 {[%emt 0:00:14]} 65. f4 {[%emt 0:00:21]} Qg3+ {[%emt 0:00:16]} 66. Kf1 {[%emt 0:00:46]} Qxf4+ {[%emt 0:00:03]} 67. Ke2 {[%emt 0:01:05]} Qe4+ {[%emt 0:00:04]} 68. Kd1 {[%emt 0:00:25]} Qd3+ {[%emt 0:00:11]} 69. Ke1 {[%emt 0:00:12]} Qe4+ {[%emt 0:00:12]} 70. Kd1 {[%emt 0:00:06]} Qd3+ {[%emt 0:01:09]} 71. Ke1 {[%emt 0:00:08]} Nc4 {[%emt 0:00:40]} 72. Qb4 {[%emt 0:04:42]} Qe4+ {[%emt 0:01:34]} 73. Kf2 {[%emt 0:00:01]} Qf5+ {[%emt 0:00:22]} 74. Kg3 {[%emt 0:00:01]} Nxa5 {[%emt 0:00:12]} 75. Nc5 {[%emt 0:00:01]} Nc6 {[%emt 0:00:06]} 76. Qh4+ {[%emt 0:00:08]} Kg7 {[%emt 0:00:10]} 0-1

[Event "8th RTU Open 2018"]
[Site "Riga"]
[Date "2018.08.09"]
[Round "5"]
[White "Holland, James P"]
[Black "Krivonosov, Oleg"]
[Result "1/2-1/2"]
[WhiteElo "2212"]
[BlackElo "2386"]
[Annotator "NA"]
[PlyCount "80"]
[EventDate "2018.08.06"]
[EventType "swiss"]
[EventCountry "LAT"]
[SourceTitle "playchess.com"]
[Source "ChessBase"]
[SourceQuality "1"]
[TimeControl "5400+30"]

1. e4 {[%emt 0:00:00]} e5 {[%emt 0:00:00]} 2. Nf3 {[%emt 0:00:00]} Nc6 {[%emt 0:00:00]} 3. Bc4 {[%emt 0:00:00]} Bc5 {[%emt 0:00:00]} 4. c3 {[%emt 0:00:07]} Nf6 {[%emt 0:00:15]} 5. d4 {[%emt 0:00:17]} exd4 {[%emt 0:00:24]} 6. cxd4 {[%emt 0:00:04]} Bb4+ {[%emt 0:00:14]} 7. Bd2 {[%emt 0:00:09]} Nxe4 {[%emt 0:01:56]} 8. Bxb4 {[%emt 0:00:43]} Nxb4 {[%emt 0:00:05]} 9. Bxf7+ {[%emt 0:00:07]} Kxf7 {[%emt 0:00:03]} 10. Qb3+ {[%emt 0:00:06] C54: Giuoco Piano: 4 c3 Nf6, main lines with 5 d4 and 5 d3} Kf8 {[%emt 0:01:04]} 11. Qxb4+ {[%emt 0:00:33]} Qe7 {[%emt 0:00:06]} 12. Qxe7+ {[%emt 0:00:28]} Kxe7 {[%emt 0:00:04]} 13. O-O {[%emt 0:01:16]} Kd8 {[%emt 0:01:40]} 14. Re1 {[%emt 0:03:16]} Nf6 {[%emt 0:00:40]} 15. Nc3 {[%emt 0:00:57]} d6 {[%emt 0:00:24]} 16. Ng5 {[%emt 0:04:57]} Rf8 {[%emt 0:04:15]} 17. f3 {[%emt 0:04:05]} h6 {[%emt 0:06:53]} (17... a5) 18. Ne6+ {[%emt 0:00:30]} Bxe6 {[%emt 0:00:19]} 19. Rxe6 {[%emt 0:00:04]} Kd7 {[%emt 0:02:34]} 20. Rae1 {[%emt 0:00:18]} Rae8 $146 {[%emt 0:01:02]} ({Predecessor:} 20... Rf7 21. b4 b5 22. a3 a5 23. Nxb5 Rb8 24. Nc3 axb4 {0-1 (24) Aguirre Contreras,C (2293)-Lopez Silva,H (2422) Quilpué 2016}) 21. Rxe8 {[%emt 0:00:36]} Nxe8 {[%emt 0:00:42]} 22. Kf2 {[%emt 0:14:29]} Nf6 {[%emt 0:04:20]} 23. Ke3 {[%emt 0:02:56]} c6 {[%emt 0:02:06]} 24. g3 {[%emt 0:05:53]} b5 {[%emt 0:01:58]} 25. b4 {[%emt 0:25:35]} a5 $11 {[%emt 0:05:24]} 26. a3 {[%emt 0:03:51]} axb4 {[%emt 0:07:41]} 27. axb4 {[%emt 0:00:04]} Ra8 28. Kd2 {[%emt 0:16:12]} Ra3 {[%emt 0:02:05]} 29. Rb1 {[%emt 0:03:48]} Nd5 {[%emt 0:11:43]} 30. Nxd5 {[%emt 0:00:12]} cxd5 {[%emt 0:00:02]} 31. Ke2 {[%emt 0:00:13]} g5 {[%emt 0:03:03]} 32. h4 {[%emt 0:03:04]} Ra2+ {[%emt 0:15:55]} 33. Ke3 {[%emt 0:02:05]} Ra3+ {[%emt 0:03:05]} 34. Ke2 {[%emt 0:00:08]} gxh4 {[%emt 0:02:48]} 35. gxh4 {[%emt 0:00:04]} h5 {[%emt 0:01:45]} 36. Rg1 {[%emt 0:00:51]} Rb3 {[%emt 0:03:14]} 37. Rg5 {[%emt 0:00:03]} Rxb4 {[%emt 0:00:11]} 38. Rxd5 {[%emt 0:00:14]} Ke6 {[%emt 0:02:21]} 39. Rxh5 {[%emt 0:00:19]} Rxd4 {[%emt 0:00:05]} 40. Rxb5 {[%emt 0:00:07]} Rxh4 {[%emt 0:00:04]} 1/2-1/2

[Event "8th RTU Open 2018"]
[Site "Riga"]
[Date "2018.08.09"]
[Round "5"]
[White "Kerem, Halil Ozgun"]
[Black "Sirosh, Ilja"]
[Result "0-1"]
[WhiteElo "2194"]
[BlackElo "2372"]
[Annotator "NA"]
[PlyCount "96"]
[EventDate "2018.08.06"]
[EventType "swiss"]
[EventCountry "LAT"]
[SourceTitle "playchess.com"]
[Source "ChessBase"]
[SourceQuality "1"]
[TimeControl "5400+30"]

1. d4 {[%emt 0:00:00]} Nf6 {[%emt 0:00:00]} 2. Bf4 {[%emt 0:00:00]} d5 {[%emt 0:00:00]} 3. e3 {[%emt 0:00:00]} c5 {[%emt 0:00:03]} 4. c3 {[%emt 0:00:00]} Nc6 {[%emt 0:00:07]} 5. Nd2 {[%emt 0:00:00]} e6 {[%emt 0:00:06]} 6. Ngf3 {[%emt 0:00:02]} Bd6 {[%emt 0:00:15]} 7. Bg3 {[%emt 0:00:07]} O-O {[%emt 0:00:10]} 8. Bb5 {[%emt 0:00:07]} Be7 {[%emt 0:00:26]} 9. Bd3 {[%emt 0:09:07]} Nh5 {[%emt 0:13:08]} 10. Ne5 $11 {[%emt 0:24:34]} g6 {[%emt 0:01:31]} 11. f4 {[%emt 0:05:56]} Nxe5 {[%emt 0:28:21]} 12. fxe5 {[%emt 0:11:16]} f5 {[%emt 0:00:19]} 13. Nf3 c4 {[%emt 0:05:27]} 14. Bc2 {[%emt 0:04:25]} b5 {[%emt 0:01:11]} 15. a3 {[%emt 0:00:16]} a5 {[%emt 0:00:32]} 16. O-O {[%emt 0:00:04]} Nxg3 17. hxg3 h5 18. Qd2 Kg7 19. Kf2 Bd7 20. Rfc1 Qb6 21. Kg1 b4 22. Rcb1 bxc3 23. bxc3 {[%emt 0:15:17]} Qc7 24. a4 Rab8 25. Qd1 Rh8 26. Rxb8 Rxb8 27. Rb1 Ba3 28. Kf2 Qd8 29. Ke2 Rb2 30. Rxb2 Bxb2 31. Qd2 Ba1 32. Qe1 Bb2 33. Qd2 Qf8 34. Bxf5 Qa3 35. Bxg6 Bxc3 36. Qc2 Bxa4 37. Qb1 Qb2+ 38. Qxb2 Bxb2 39. Bb1 Bb3 40. Ne1 a4 41. Nc2 a3 42. Nb4 Bc3 43. Na2 Ba5 44. Nc1 Kh6 45. Ba2 Bc2 46. Kf3 Bd2 47. Ne2 Bb3 48. Bb1 c3 0-1

[Event "8th RTU Open 2018"]
[Site "Riga"]
[Date "2018.08.09"]
[Round "5"]
[White "Huber, Philipp"]
[Black "Seyb, Alexander"]
[Result "1/2-1/2"]
[WhiteElo "2189"]
[BlackElo "2383"]
[Annotator "NA"]
[PlyCount "120"]
[EventDate "2018.08.06"]
[EventType "swiss"]
[EventCountry "LAT"]
[SourceTitle "playchess.com"]
[Source "ChessBase"]
[SourceQuality "1"]
[TimeControl "5400+30"]

1. d4 {[%emt 0:00:08]} Nf6 {[%emt 0:00:00]} 2. Bg5 {[%emt 0:00:21]} e6 {[%emt 0:00:00]} 3. e4 {[%emt 0:00:20]} h6 {[%emt 0:00:00]} 4. Bxf6 {[%emt 0:00:12]} Qxf6 {[%emt 0:00:00]} 5. c3 {[%emt 0:00:37]} d6 {[%emt 0:00:23] LiveBook: 422 Games} 6. Bd3 {[%emt 0:02:29]} Qg6 {[%emt 0:01:24] A45: Damenbauernspiele (Trompowski-Angriff)} (6... g6 7. Ne2 Bg7 8. O-O O-O 9. f4 Qe7 10. e5 b6 11. Nd2 Bb7 12. Be4 Bxe4 13. Nxe4 Rd8 14. Qe1 {0-1 (62) Moiseenko,A (2667)-Wang,Y (2690) Riadh 2017}) 7. Qf3 {[%emt 0:18:16]} e5 {[%emt 0:02:00]} 8. Bc4 $146 {[%emt 0:00:38]} ({Vorgänger:} 8. h3 Be7 9. Ne2 Nc6 10. O-O O-O 11. Nd2 Bd7 12. Qe3 f5 13. exf5 Bxf5 14. Bxf5 Rxf5 {1-0 (46) Hendriks,W (2401)-Dann,M (2506) Germany 2018}) 8... Be7 {[%emt 0:09:11]} 9. Ne2 {[%emt 0:01:12]} O-O {[%emt 0:00:16]} 10. h3 {[%emt 0:00:28]} c6 {[%emt 0:10:11]} 11. Nd2 {[%emt 0:07:04]} Be6 {[%emt 0:03:14]} 12. Bxe6 {[%emt 0:07:04]} fxe6 {[%emt 0:00:28]} 13. Qg4 {[%emt 0:01:43]} Qxg4 {[%emt 0:01:09]} 14. hxg4 {[%emt 0:00:03]} Nd7 {[%emt 0:00:25]} 15. Nf3 {[%emt 0:09:28]} exd4 {[%emt 0:14:12]} 16. Nfxd4 {[%emt 0:02:14]} Nc5 {[%emt 0:00:06]} 17. f3 {[%emt 0:01:00]} Bg5 {[%emt 0:14:45]} 18. Rd1 $11 {[%emt 0:01:20]} Rae8 19. Nb3 Nxb3 {[%emt 0:06:09]} 20. axb3 {[%emt 0:08:09]} d5 {[%emt 0:00:05]} 21. e5 {[%emt 0:00:38]} c5 {[%emt 0:07:19]} 22. Kf2 {[%emt 0:02:57]} Rc8 {[%emt 0:04:44]} 23. g3 {[%emt 0:02:07]} Rc6 {[%emt 0:00:12]} 24. f4 {[%emt 0:00:47]} Rb6 {[%emt 0:00:18]} 25. Nc1 {[%emt 0:02:10]} c4 {[%emt 0:04:00]} 26. bxc4 {[%emt 0:05:48]} dxc4 {[%emt 0:00:06]} 27. Ke3 {[%emt 0:01:23]} Be7 {[%emt 0:00:15]} 28. Rd2 {[%emt 0:01:03]} a5 {[%emt 0:03:07]} 29. Ke4 {[%emt 0:03:07]} a4 {[%emt 0:00:28]} 30. Ne2 {[%emt 0:00:29]} Ra8 {[%emt 0:01:29]} 31. Ra1 {[%emt 0:01:10]} g6 {[%emt 0:02:24]} 32. Ra2 {[%emt 0:00:40]} Kf7 {[%emt 0:00:31]} 33. Rd7 {[%emt 0:00:43]} Rc8 {[%emt 0:03:25]} 34. f5 {[%emt 0:03:51]} gxf5+ {[%emt 0:01:40]} 35. gxf5 {[%emt 0:00:03]} exf5+ {[%emt 0:00:05]} 36. Kxf5 {[%emt 0:00:04]} Rg8 {[%emt 0:00:27]} 37. Rxa4 {[%emt 0:01:48]} Rg5+ {[%emt 0:00:27]} 38. Kf4 {[%emt 0:00:17]} Ke6 {[%emt 0:00:32]} 39. Rd2 {[%emt 0:01:18]} Rf5+ {[%emt 0:00:35]} 40. Kg4 {[%emt 0:00:14]} h5+ {[%emt 0:00:37]} 41. Kh3 {[%emt 0:00:05]} Kxe5 {[%emt 0:01:32]} 42. Rxc4 {[%emt 0:00:16]} Rf2 {[%emt 0:02:03]} 43. Rcd4 {[%emt 0:02:47]} Bg5 {[%emt 0:01:37]} 44. Nf4 {[%emt 0:01:24]} Rxd2 {[%emt 0:00:43]} 45. Rxd2 {[%emt 0:00:03]} Ke4 {[%emt 0:04:12]} 46. Rd4+ {[%emt 0:02:16]} Kf3 {[%emt 0:00:01]} 47. Nd3 {[%emt 0:00:18]} Be7 {[%emt 0:02:31]} 48. Rf4+ {[%emt 0:00:53]} Ke3 {[%emt 0:00:32]} 49. Nb4 {[%emt 0:00:11]} Rb5 {[%emt 0:00:53]} 50. Rd4 {[%emt 0:04:19]} Kf3 {[%emt 0:00:01]} 51. Nd5 {[%emt 0:01:26]} Bd6 {[%emt 0:00:33]} 52. b4 {[%emt 0:00:19]} Be5 {[%emt 0:00:43]} 53. Rd1 {[%emt 0:03:45]} Ke2 {[%emt 0:00:04]} 54. c4 {[%emt 0:00:04]} Rxb4 {[%emt 0:00:28]} 55. Nxb4 {[%emt 0:00:12]} Kxd1 {[%emt 0:00:01]} 56. Nd3 {[%emt 0:00:13]} Bc7 {[%emt 0:00:59]} 57. Nc5 {[%emt 0:00:39]} Kc2 {[%emt 0:00:33]} 58. Nxb7 {[%emt 0:00:11]} Kc3 {[%emt 0:00:07]} 59. c5 {[%emt 0:00:04]} Kc4 {[%emt 0:00:11]} 60. Nd6+ {[%emt 0:01:10]} Kxc5 {[%emt 0:00:10]} 1/2-1/2

[Event "8th RTU Open 2018"]
[Site "Riga"]
[Date "2018.08.09"]
[Round "5"]
[White "Pavlov, Sergey"]
[Black "Kovalenko, Igor"]
[Result "0-1"]
[WhiteElo "2003"]
[BlackElo "2641"]
[Annotator "TA"]
[PlyCount "93"]
[EventDate "2018.08.06"]
[EventType "swiss"]
[EventCountry "LAT"]
[SourceTitle "playchess.com"]
[Source "ChessBase"]
[SourceQuality "1"]

{[%evp 13,93,27,18,20,19,-22,-22,-19,-10,-13,-6,-55,-34,-30,-13,-17,-23,-18,10,-22,34,-27,-29,-41,-35,-14,-10,-42,0,-41,-32,-18,-37,-55,-47,-29,-31,-62,-30,-33,0,-62,-31,-65,-79,-67,-67,-67,-67,-59,-60,-66,-57,-58,-59,-59,-60,-59,-67,-67,-68,-65,-66,-71,-39,-85,-71,-85,-45,-135,-66,-97,-30,-138,-138,-138,-138,-222,-186,-321,-319,-1048]} 1. c4 e5 2. Nc3 Nc6 3. e3 g6 4. d4 d6 5. d5 (5. Nf3 Bg7 6. Be2 Nge7 7. d5 Nb8 8. h4 h6 9. h5 g5 10. Nd2 f5 11. e4 O-O 12. g4 fxg4 13. Bxg4 Bxg4 14. Qxg4 Rf4 {1-0 (60) Reinderman,D (2573)-L'Ami,E (2610) Dieren 2017}) 5... Nce7 6. Bd3 {A25: English Opening vs King's Indian with ...Nc6 but without early d3} f5 7. e4 Nf6 {LiveBook: 7 Games} 8. exf5 $146 {The position is equal.} ({Predecessor:} 8. Nge2 Bg7 9. f3 O-O 10. exf5 gxf5 11. O-O c6 12. Be3 Kh8 {½-½ (51) Djukic,S (2196)-Voiska,M (2339) Belgrade 2009}) 8... gxf5 9. f4 e4 10. Be2 Bg7 11. Nh3 O-O 12. Nf2 a6 13. Be3 Bd7 14. h3 {[#]} b5 $1 {[%mdl 512]} 15. Qd2 (15. cxb5 axb5) 15... h5 16. g3 Qb8 (16... Qe8 $11) 17. a3 (17. g4 $1 $14) 17... Qb7 $11 18. Rg1 bxc4 19. Bxc4 Rab8 20. b4 Kf7 21. Rc1 Bb5 22. Ba2 Rh8 23. a4 Bd7 24. Rb1 $1 Rh6 25. Bc4 Rg8 26. h4 Ra8 27. Nh3 ({White should play} 27. Kf1 $11) 27... Kg6 28. Ng5 Ng4 29. Bd4 Bxd4 30. Qxd4 Qb6 31. Qxb6 cxb6 32. Kd2 Rhh8 {[%cal Bh6h8,Bh8c8,Bc8c5][%mdl 32]} 33. Bb3 Rhc8 34. Rgc1 Nf6 35. Rc2 a5 36. b5 Rc5 37. Rbc1 Rac8 38. Ba2 Re8 39. Bb3 Rd8 40. Ba2 Bc8 {[%cal Rf6d5]} 41. Bb3 ({White should try} 41. Ke1 $15) 41... Ne8 (41... Nfxd5 $17 {Hoping for ...Nb4.} 42. Nxd5 Nxd5) 42. Nd1 {[#]} Nxd5 (42... Nc7 $1 $17 43. Ne3 Nexd5) 43. Ne3 (43. Bxd5 $11 Rxd5+ 44. Ke1) 43... Nxe3 $17 44. Kxe3 {[#]} Kf6 $1 45. Kd4 (45. Nf7 $17 Rd7 46. Rxc5 dxc5 47. Ne5) 45... Ng7 46. Ke3 (46. Nf7 {is a better defense.} Rd7 47. Ng5) 46... Be6 $19 47. Kd4 $2 {Precision: White = 30%, Black = 63%.} (47. Rxc5 dxc5 48. Bc2) 0-1